Влияние сульфидных образований на петрофизические свойства коллекторов горизонта Ю1: Заключительный отчет о НИР; Тема: х/д 3-24/90

Bibliografiske detaljer
Institution som forfatter: Томский политехнический институт (ТПИ) (595)
Andre forfattere: Волощук Г. М. (руководитель), Ежова А. В. Александра Викторовна (исполнитель)
Sprog:russisk
Udgivet: Томск, 1990
Fag:
Format: MixedMaterials Bog
KOHA link:https://koha.lib.tpu.ru/cgi-bin/koha/opac-detail.pl?biblionumber=151091

MARC

LEADER 00000nbm0a2200000 4500
001 151091
005 20231031150358.0
029 0 0 |a SU  |b 02910014276  |f ТПУ 
035 |a (RuTPU)RU\TPU\book\163825 
090 |a 151091 
100 |a 20090119d1990 k y0rusy50 ca 
101 0 |a rus 
102 |a RU 
105 |a a p 001zy 
200 1 |a Влияние сульфидных образований на петрофизические свойства коллекторов горизонта Ю1  |e Заключительный отчет о НИР  |e Тема: х/д 3-24/90  |f Томский политехнический институт (ТПИ) ; руководитель Г. М. Волощук ; А. В. Ежова 
210 |a Томск  |d 1990 
215 |a 108 л. 
320 |a Библиогр.: с. 55 - 56. 
610 1 |a коллекторы 
610 1 |a нефтенасыщенность 
610 1 |a электропроводные минералы 
610 1 |a электрическое сопротивление 
610 1 |a поляризация 
610 1 |a петрофизические свойства 
610 1 |a полупроводники 
610 1 |a корреляция 
610 1 |a отчеты о НИР 
675 |a 552.578.2.061.4.08(04)  |v 3 
702 1 |a Волощук  |b Г. М.  |4 673 
702 1 |a Ежова  |b А. В.  |c геолог  |c доцент Томского политехнического университета, кандидат геолого-минералогических наук  |f 1939-  |g Александра Викторовна  |2 stltpush  |3 (RuTPU)RU\TPU\pers\26246  |4 677 
712 0 2 |a Томский политехнический институт (ТПИ)  |c (1944-1991)  |2 stltpush  |3 (RuTPU)RU\TPU\col\1123  |4 595 
801 1 |a RU  |b 63413507  |c 20090119  |g PSBO 
801 2 |a RU  |b 63413507  |c 20151214  |g RCR 
942 |c BK